000 00775cam a22002657a 4500
001 001101
003 armpunfd
005 20140612090630.0
008 030314e0####xx#a##########000#0#und#d
040 _aarmpunfd
_carmpunfd
080 _a342 (091) (82 ) G 151
100 1 0 _a De Gandia, Enrique
245 1 0 _aHistoria de las ideas politicas en la argentina
260 _a Uenos Aires : Depalma
_b1962-1974.
650 7 _a Historia Argentina
_2LEMB
650 7 _a Independencia Americana
_2LEMB
650 7 _a Martin De Alzaga
_2LEMB
650 7 _a Monarquia
_2LEMB
650 7 _a Republicanismo
_2LEMB
942 _cLB
_2cdu
945 _aCatalis
_d2010-08-19
945 _aCatalis
_d2010-08-19
945 _aCatalis
_d2010-08-19
945 _aCatalis
_d2010-08-19
999 _c1092
_d231596